Nezamestnanosť v okrese Levoča bakalárska práca

Gespeichert in:
Bibliographische Detailangaben
1. Verfasser: Džuganová, Ivana
Körperschaft: Národohospodárska fakulta EU. Katedra sociálneho rozvoja a práce
Weitere Verfasser: Šipikalová, Silvia, 1979-
Format: Buch
Sprache:Slowakisch
Veröffentlicht: Bratislava 2014
Tags: Tag hinzufügen
Keine Tags, Fügen Sie das erste Tag hinzu!

MARC

LEADER 00000nbm a2200000 4500
001 0189311
005 20170201085249.3
041 0 |a slo 
044 |a SK 
245 1 0 |a Nezamestnanosť v okrese Levoča  |b bakalárska práca  |c Ivana Džuganová ; školiteľ: Silvia Šipikalová 
264 1 |a Bratislava  |c 2014 
300 |a 39 s. 
100 1 |a Džuganová, Ivana 
700 1 |a Šipikalová, Silvia, 1979- 
710 2 |a Národohospodárska fakulta EU. Katedra sociálneho rozvoja a práce